Tendencie vo vývoji mzdových systémov vo vybraných kapitalistických krajinách

Saved in:
Bibliographic Details
Main Author: Zrak, Josef
Other Authors: Sekanina, Václav
Format: Book
Language:Slovak
Published: Bratislava Výskumný ústav sociálneho rozvoja a práce 1988
Series:Trendy sociálneho rozvoja a práce 2/1988
Tags: Add Tag
No Tags, Be the first to tag this record!

MARC

LEADER 00000nam a2200000 4500
001 c031021
005 20240419070845.4
041 0 |a slo 
044 |a SK 
245 1 0 |a Tendencie vo vývoji mzdových systémov vo vybraných kapitalistických krajinách  |c Josef Zrak, Václav Sekanina 
264 1 |a Bratislava  |b Výskumný ústav sociálneho rozvoja a práce  |c 1988 
300 |a 141 s. 
490 1 |a Trendy sociálneho rozvoja a práce  |v 2/1988 
830 0 |a Trendy sociálneho rozvoja a práce  |v 2/1988 
100 1 |a Zrak, Josef 
700 1 |a Sekanina, Václav